<?xml version="1.0" encoding="UTF-8"?>
<record
    xmlns:xsi="http://www.w3.org/2001/XMLSchema-instance"
    xsi:schemaLocation="http://www.loc.gov/MARC21/slim http://www.loc.gov/standards/marcxml/schema/MARC21slim.xsd"
    xmlns="http://www.loc.gov/MARC21/slim">

  <leader>01235nam a22002657a 4500</leader>
  <controlfield tag="005">20170123164149.0</controlfield>
  <datafield tag="010" ind1=" " ind2=" ">
    <subfield code="a">A-878507</subfield>
  </datafield>
  <datafield tag="020" ind1=" " ind2=" ">
    <subfield code="c">250.00</subfield>
    <subfield code="a">8173803072</subfield>
  </datafield>
  <datafield tag="035" ind1=" " ind2=" ">
    <subfield code="a">A-878507</subfield>
  </datafield>
  <datafield tag="037" ind1=" " ind2=" ">
    <subfield code="b">Cen Lib/Ret</subfield>
  </datafield>
  <datafield tag="040" ind1=" " ind2=" ">
    <subfield code="a">DPL</subfield>
    <subfield code="b">PN</subfield>
  </datafield>
  <datafield tag="082" ind1=" " ind2=" ">
    <subfield code="a">&#xA15;</subfield>
    <subfield code="b">&#xA17;&#xA41;&#xA30;&#xA2C;</subfield>
  </datafield>
  <datafield tag="100" ind1=" " ind2=" ">
    <subfield code="a">&#xA17;&#xA41;&#xA30;&#xA2C;&#xA3C;&#xA16;&#xA38;&#xA3C; &#xA38;&#xA3F;&#xA70;&#xA18;</subfield>
    <subfield code="9">138095</subfield>
  </datafield>
  <datafield tag="245" ind1=" " ind2=" ">
    <subfield code="a">&#xA17;&#xA41;&#xA30;&#xA2C;&#xA3C;&#xA16;&#xA38;&#xA3C; &#xA38;&#xA3F;&#xA70;&#xA18; &#xA2A;&#xA4D;&#xA30;&#xA40;&#xA24;&#xA32;&#xA5C;&#xA40; &#xA26;&#xA40;&#xA06;&#xA02; &#xA1A;&#xA4B;&#xA23;&#xA35;&#xA40;&#xA06;&#xA02; &#xA15;&#xA39;&#xA3E;&#xA23;&#xA40;&#xA06;&#xA02; /</subfield>
    <subfield code="c">&#xA17;&#xA41;&#xA30;&#xA2C;&#xA3C;&#xA16;&#xA38;&#xA3C; &#xA38;&#xA3F;&#xA70;&#xA18; : &#xA38;&#xA70;&#xA2A;&#xA3E;&#xA26;&#xA15; &#xA17;&#xA41;&#xA30;&#xA1A;&#xA30;&#xA28; &#xA38;&#xA3F;&#xA70;&#xA18; &#xA05;&#xA30;&#xA38;&#xA3C;&#xA40;</subfield>
  </datafield>
  <datafield tag="246" ind1=" " ind2=" ">
    <subfield code="a">Gurbakhsh Singh Pritlari chonvian kahanian /</subfield>
    <subfield code="b">by  	Gurbakhsh Singh Pritlari; edited by Gurcharan Singh Arshi</subfield>
  </datafield>
  <datafield tag="260" ind1=" " ind2=" ">
    <subfield code="a">&#xA2A;&#xA1F;&#xA3F;&#xA06;&#xA32;&#xA3E;</subfield>
    <subfield code="b">&#xA2A;&#xA2C;&#xA32;&#xA40;&#xA15;&#xA47;&#xA38;&#xA3C;&#xA28; &#xA2C;&#xA3F;&#xA0A;&#xA30;&#xA4B;</subfield>
    <subfield code="c">1997</subfield>
  </datafield>
  <datafield tag="270" ind1=" " ind2=" ">
    <subfield code="a">&#xA2A;&#xA70;&#xA1C;&#xA3E;&#xA2C;&#xA40; &#xA2F;&#xA42;&#xA28;&#xA40;&#xA35;&#xA30;&#xA38;&#xA3F;&#xA1F;&#xA40;</subfield>
    <subfield code="b">&#xA2A;&#xA1F;&#xA3F;&#xA06;&#xA32;&#xA3E;</subfield>
  </datafield>
  <datafield tag="300" ind1=" " ind2=" ">
    <subfield code="a">510p.</subfield>
    <subfield code="c">22cm(Hb)</subfield>
  </datafield>
  <datafield tag="650" ind1=" " ind2=" ">
    <subfield code="a"> &#xA38;&#xA3E;&#xA39;&#xA3F;&#xA24;--&#xA2A;&#xA70;&#xA1C;&#xA3E;&#xA2C;&#xA40;</subfield>
    <subfield code="9">138096</subfield>
  </datafield>
  <datafield tag="650" ind1=" " ind2=" ">
    <subfield code="a">&#xA2A;&#xA70;&#xA1C;&#xA3E;&#xA2C;&#xA40; -- &#xA15;&#xA39;&#xA3E;&#xA23;&#xA40;&#xA06;&#xA02;</subfield>
    <subfield code="9">138097</subfield>
  </datafield>
  <datafield tag="650" ind1=" " ind2=" ">
    <subfield code="a"> Literature--Punjabi</subfield>
    <subfield code="9">138098</subfield>
  </datafield>
  <datafield tag="650" ind1=" " ind2=" ">
    <subfield code="a">Punjabi -- Story</subfield>
    <subfield code="9">138099</subfield>
  </datafield>
  <datafield tag="700" ind1=" " ind2=" ">
    <subfield code="a">&#xA05;&#xA30;&#xA38;&#xA3C;&#xA40;, &#xA17;&#xA41;&#xA30;&#xA2C;&#xA3C;&#xA16;&#xA38;&#xA3C; &#xA38;&#xA3F;&#xA70;&#xA18;</subfield>
    <subfield code="9">51841</subfield>
  </datafield>
  <datafield tag="942" ind1=" " ind2=" ">
    <subfield code="2">ddc</subfield>
    <subfield code="c">PN</subfield>
    <subfield code="h">&#xA15;</subfield>
    <subfield code="m">&#xA17;&#xA41;&#xA30;&#xA2C;</subfield>
  </datafield>
  <datafield tag="999" ind1=" " ind2=" ">
    <subfield code="c">110232</subfield>
    <subfield code="d">110232</subfield>
  </datafield>
  <datafield tag="952" ind1=" " ind2=" ">
    <subfield code="0">0</subfield>
    <subfield code="1">0</subfield>
    <subfield code="4">0</subfield>
    <subfield code="7">0</subfield>
    <subfield code="a">L</subfield>
    <subfield code="b">L</subfield>
    <subfield code="d">2016-01-16</subfield>
    <subfield code="e">Cen Lib/Ret</subfield>
    <subfield code="g">250.00</subfield>
    <subfield code="l">0</subfield>
    <subfield code="o">&#xA15; &#xA17;&#xA41;&#xA30;&#xA2C;</subfield>
    <subfield code="p">A-878507</subfield>
    <subfield code="r">2016-01-16 00:00:00</subfield>
    <subfield code="t">1</subfield>
    <subfield code="v">250.00</subfield>
    <subfield code="w">2016-09-15</subfield>
    <subfield code="y">PN</subfield>
  </datafield>
</record>
